|
|
|
|
| LEADER |
00000cam a2200000 7i4500 |
| 001 |
0000004154 |
| 002 |
000004469 |
| 005 |
20090109.0 |
| 020 |
|
|
|a 9836227083
|
| 090 |
0 |
0 |
|a 297.01
|b ROS
|
| 100 |
1 |
|
|a Rosenthal, Franz
|
| 245 |
1 |
0 |
|a Keagungan ilmu
|c Franz Rosenthal ; penterjemah Syed Muhammad Dawilah Syed Abdullah
|
| 260 |
|
|
|a Kuala Lumpur :
|b DBP ,
|c 1992
|
| 300 |
|
|
|a 400 p. ;
|c 22 cm.
|
| 650 |
0 |
0 |
|a Civilization, Islamic
|
| 650 |
0 |
0 |
|a Islamic learning and scholarship
|
| 650 |
0 |
0 |
|a Knowledge, Theory of (Islam)
|
| 700 |
0 |
|
|a Syed Muhamad Dawilah Syed Abdullah
|
| 999 |
|
|
|a 033451
|b BUKU
|c PINJAMAN
|e PERPUSTAKAAN KOMUNITI PETALING JAYA
|
| 999 |
|
|
|a 051261
|b BUKU
|c PINJAMAN
|e PERPUSTAKAAN KOMUNITI PETALING JAYA
|